O manifesto capitalista (Record no. 1961)

MARC details
000 -Etiqueta do registo
Valores 00669nam a2200241 4500
010 ## - Número ISBN
ISBN 9789895761371
021 ## - Número do Depósito Legal
Código do país Portugal
Número 537433/24
100 ## - Dados gerais de processamento
Dados gerais 20250811d2024 km|y0pory5003 ba
101 ## - Língua de publicação
Língua Português
102 ## - País de publicação
País Portugal
200 ## - Titulo e menção de responsabilidade
Título próprio O manifesto capitalista
Primeira menção de responsabilidade Johan Norberg
Informação de outro título o mercado livre global irá salvar o mundo. Como? Porquê?
210 ## - Publicação
Local de publicação Lisboa
Nome do editor Guerra e Paz
Data de publicação 2024
215 ## - Descrição física 
Paginação / Volumes 276 p.
Dimensões 23 cm
300 ## - Notas gerais 
Texto da nota BMB-Registado
606 ## - Nome comum usado como assunto
ID Autoridade 2810
Palavra de ordem Teoria Económica
606 ## - Nome comum usado como assunto
ID Autoridade 2811
Palavra de ordem Capitalismo
675 ## - CDU
Notação 330.1
Edição BMB
Língua por
700 ## - Autor principal (pessoa individual)
Apelido Norberg
Nome Johan
ID Autoridade 2812
702 ## - Autor secundário (pessoa individual)
ID Autoridade 2818
Apelido Gomes
Nome Sara Sousa
801 ## - Fonte de origem
País PT
Agência BMB
Regras de catalogação RPC
990 ## - Elementos KOHA
Tipo de documento Livro
Holdings
Situação do levantamento Estado Número Biblioteca de origem Código de barras Cota Permissão de empréstimo Tipo de documento Forma de aquisição
    1 Biblioteca Municipal de Borba 1910 330.1 NOR / MAN   Livro Oferta
Biblioteca Municipal de Borba

Powered by Koha